000 00472nam a2200181Ia 4500
008 210210b2007 xxu||||| |||| 00| 0 eng d
020 _a8122414370
041 _aeng
082 _a574.19214 REDB
100 _aREDDY (K Hussain)
245 _aBioinorganic chemistry
260 _aNew Delhi
_bNew Age International (P) Limited Publishers
_c2007
300 _axiii--350
650 _achemistry
650 _aBioinorganic
690 _aBiochemistry
906 _a063557
999 _c136474
_d136474